01073cam a2200313 a 450000100090000000300040000900500170001300800410003001000170007102000150008802000180010302500270012103500220014803700630017004000190023304200100025204300120026205000230027408200190029710000210031624500770033726000900041430000180050450400660052265000430058865100420063170000260067371000600069913370962OSt20200605110949.0030722s2003 ii b 001 0 eng  a 2003333461 a8173044872 a9788173044878 aI-E-2003-333461; 63-91 a(DLC) 2003333461 bLibrary of Congress -- New Delhi Overseas OfficecRs475.00 aDLCcoclcdDLC alcode aa-ii---00aJQ220.S8bG46 2003 a320.954bGHO/S aGhosh, Buddhadeb10aState politics and panchayats in India /cBuddhadeb Ghosh ; Girish Kumar aNew Delhi :bManohar Publishers & Distributors ;bCentre de Sciences Humaines,c2003. a243 pc22 cm. aIncludes bibliographical references (p. [229]-236) and index. 0aDecentralization in governmentzIndia. 0aIndiaxPolitics and governmenty1947-1 aKumar, Girish,d1953-1 aFrance.bAmbasadde (India).bCentre for Human Sciences.